000
00308nam a2200121 a 4500
008
110426s1982|||| d
245
1
0
_a
Kultúrny rozvoj Slovenska v šiestej päťročnici
260
_c
1982
_a
Bratislava
_b
Obzor
044
_a
xo
_c
SK
041
_a
slo
020
_c
30
100
1
_a
Fischer, Ján
999
_c
19174
_d
19174